01086nam a2200253 a 450000100060000000300080000600500170001400800410003103500190007204000490009104100080014004200120014808200250016024501700018526000450035530000340040050400640043465000460049871000930054483000450063794200120068299900170069495201210071180722BD-RjUL20221106123349.0221106s1963 nyua b 001 0 eng  a(BD-RjUL)80722 aDLCcODaWUdOCoLCdMoSU-LdDLCdBD-RjULbeng aeng apremarc 223a657.48bREP 196300aReporting the financial effects of price-level changes /cby the staff of the Accounting Research Division of the American Institute of Certified Public Accountants. aNew York, N.Y. :bThe Institute,cc1963. axii, 278 p. :bill. ;c23 cm. aIncludes bibliographical references (p. 254-264) and index. 0aAccountingxEffect of inflation on.957332 aAmerican Institute of Certified Public Accountants.bAccounting Research Division.95734 0aAccounting research study ;vno. 695735 2ddccBK c80722d80722 00102ddc40718NFICaRUCLbRUCLcReadingd1988-06-27l0o657.48 REP 1963r2022-11-06 00:00:00tC-1w2022-11-06yBK